American terminator : myths, movies and global power /

Bibliographic Details
Main Author: Sardar, Ziauddin
Other Authors: Davies, Merryl Wyn
Format: Book
Language:English
Published: New York : Disinformation ; [2004]
Subjects:

MARC

Tag First Indicator Second Indicator Subfields
LEADER 00000cam a2200000Ia 4500
001 in00002016207
005 20151031154414.0
008 041102s2004 nyu b 001 0 eng d
010 |a  2004110502 
020 |a 193285701X (alk. paper) 
035 |a (OCoLC)ocm56889638 
040 |a JRS  |c JRS  |d OCLCQ  |d TXA  |d UtOrBLW 
043 |a n-us--- 
049 |a TXAM 
090 |a E895  |b .S27 2004 
100 1 |a Sardar, Ziauddin. 
245 1 0 |a American terminator :  |b myths, movies and global power /  |c Ziauddin Sardar & Merryl Wyn Davies. 
264 1 |a New York :  |b Disinformation ;  |c [2004] 
264 2 |a St. Paul, MN :  |b Distributed by Consortium Book Sales and Distribution, 
264 4 |c ©2004 
300 |a viii, 287 pages ;  |c 21 cm. 
336 |a text  |b txt  |2 rdacontent 
337 |a unmediated  |b n  |2 rdamedia 
338 |a volume  |b nc  |2 rdacarrier 
504 |a Includes bibliographical references (pages 263-276) and index. 
651 0 |a United States  |x Foreign relations  |y 2001-2009. 
651 0 |a United States  |x Foreign relations  |y 1989- 
650 0 |a Anti-Americanism. 
651 0 |a United States  |x Foreign public opinion. 
650 0 |a National characteristics, American. 
650 0 |a Civilization, Modern  |x American influences. 
700 1 |a Davies, Merryl Wyn. 
948 |a cataloged  |b h  |c 2004/12/17  |d c  |e mphillip  |f 4:14:37 pm 
994 |a E0  |b TXA 
999 |a MARS 
999 f f |s 7b6fea94-9d73-39d9-9a16-f8e116eb22fc  |i 8c0516f2-f426-3101-8cd7-d66fcb974c48  |t 0 
952 f f |p normal  |a Texas A&M University  |b College Station  |c Sterling C. Evans Library  |d Evans: Library Stacks  |t 0  |e E895 .S27 2004  |h Library of Congress classification  |i unmediated -- volume  |m A14831672748 
998 f f |a E895 .S27 2004  |t 0  |l Evans: Library Stacks